Statistiques concernant Présidents de la Ve république selon leur maison de Poudlard

Cliquez ici pour prendre le quiz!

Statistiques générales

  • Ce quiz a été pris 145 fois
  • Le résultat moyen est 4 sur 8

Statistiques - réponses

QuestionRéponse% Correct
Charles de GaulleGryffondor
85%
Nicolas SarkozySerpentard
80%
François HollandePoufsouffle
75%
Jacques ChiracGryffondor
45%
Georges PompidouSerdaigle
33%
Emmanuel MacronGryffondor
24%
Valéry Giscard d'EstaingSerpentard
16%
François MitterrandSerdaigle
15%

Distribution des résultats

Percentile par nombre de réponses

% des personnes avec chaque résultat

Votre développement - résultats

Vous n’avez pas pris ce quiz